Impacto de la crisis en la educación y los principales dilemas que provoca

Kaydedildi:
Detaylı Bibliyografya
Yazar: Vergara, Carlos
Materyal Türü: Metin
Baskı/Yayın Bilgisi: San José: Instituto Latinoamericano y del Caribe de Planificación Económica y Social (ILPES)
Etiketler: Etiketle
Etiket eklenmemiş, İlk siz ekleyin!

MARC

LEADER 00000 a a2200000 04500
001 25140
003
040
090 |a 179400  
100 |a Vergara, Carlos  
245 |a Impacto de la crisis en la educación y los principales dilemas que provoca  
260 |a San José:   |b Instituto Latinoamericano y del Caribe de Planificación Económica y Social (ILPES)  
300 |a 14 p.   |b **no definido**  
999 |c 11180  |d 11180